Quiz sur la série 'La flamme" - Statistiques

Statistiques générales
  • Ce quiz a été pris 907 fois
  • Le résultat moyen est 13 sur 20
Statistiques - réponses
Question Réponse % Correct
Quel est le prénom de l'homme, personnage principale de l'émission. Marc
98%
De quel animal Soraya s'est-elle fait greffer un cœur ? Singe
96%
Florence Foresti joue le rôle de la photographe. Quel est son handicape ? Aveugle
94%
Quel est son (ex)métier. Pilote
93%
Une candidate va tromper le prétendant lors de la visite d'un ranch. Qui est-ce ? Chataléré
82%
Toutes les autres candidates ont le même age. Lequel ? 28 ans
78%
Quelle chanteuse se cache sous le costume du panda ? Angèle
78%
Qui est la dernière candidate finaliste, qui ne va finalement pas gagner suite au retour d'une ex-candidate ? Anne
75%
Le prétendant va souvent voir son psy. Quel est son nom ? Docteur Juiphe
72%
Qui avoue avoir déjà tuée quelqu'un dans un épisode ? Alexandra
66%
Quel est le prénom de la seule candidate, joué par un homme ? Orchidée
65%
Quelle fête, inconnu du candidat, célèbre-t-il tous au cours d'un épisode ? La Jean Guil
62%
De quelle émission "la flamme" est-elle une parodie. Le Bachelor
62%
Avec qui Victoire, la fleuriste, avoue-t-elle avoir déjà une relation ? Jésus
53%
Marina est plus intéressée par une candidate que par le prétendant. Quelle actrice interprète son rôle ? Géraldine Nakache
50%
Que vend l'entreprise fictive du prétendant qui va bruler dans la cabane, ou va mourir une candidate ? Huile d'olive
44%
Qui est la candidate la plus âgée. Claude
43%
Qui joue le rôle de l'animateur de l'émission. Vincent Dedienne
43%
Qui est la candidate SDF ? Manon
37%
Quelle participante va accoucher d'une petite fille ? Sarah
26%
Aucun quiz correspondant
Distribution des résultats
% des personnes avec chaque résultat
Percentile par nombre de réponses
Votre historique - résultats
Vous n’avez pas pris ce quiz